000 00638nam a2200217Ia 4500
003 OSt
005 20251008113950.0
008 210210b2003 xxu||||| |||| 00| 0 eng d
020 _a8186670 48 3
040 _cAL
041 _aKannada
082 _aK894.8 MUDN
100 _aMUDDU MUDUBELLE.
_9139120
_dಮುದ್ದು ಮೂಡುಬೆಳ್ಳೆ
245 _aNadu nudiyidondu bage.
_bನಾಡು ನುಡಿಯೊಂದು ಬಗೆ
260 _aMangaluru
_bHemanshu Prakashana
_c2003
300 _aix,187
650 _aTulu
_9139121
690 _aKannada Miscellaneous
_9139122
906 _a061657
942 _2ddc
_cBK
999 _c108190
_d108190